000 00418nam a2200181Ia 4500
001 8930
005 20260306160646.0
008 260306t1961||||xx |||||||||||||| ||spa||
041 _aESP
082 _a371.926
_bR71
100 _aRobin, Gilbert,
_eAUT
245 0 _aLas dificultades escolares
260 _c1961
300 _a154 páginas :
_c19 cm.
650 _aGEN
654 _aCED
942 _cLIB
_dJUS
_fJUS
_2ddc
_n
999 _c8930
_d8930